000 01006nam a2200217 i 4500
001 184584
003 ES-MaACL
005 20250826010036.0
008 151023s1912 sp |||| | spa d
245 0 3 _aLa representación aragonesa en la Junta Central Suprema :
_b(25 septiembre 1808-29 enero 1810) /
_ctranscripción y estudio preliminar de Pedro Longás Bartibás.
260 _a[S.l.] :
_b[s.n.],
_c[1912] (
_eZaragoza :
_fImp. de Carra)
300 _aXXXVII, 250 p. ;
_c22 cm.
490 1 _aColección de documentos para el estudio de la historia de Aragón ;
_v7
610 2 4 _aEspaña.
_bJunta Suprema Central-
_vHistoria-
_vFuentes.
_9158005
651 4 _aAragón-
_xHistoria-
_yS.XIX-
_vFuentes.
_9158006
651 4 _aEspaña-
_xHistoria-
_y1808-1814, Guerra de la Independencia-
_vFuentes.
_9142504
700 1 _aLongás Bartibás, Pedro.
_973232
830 0 0 _aColección de documentos para el estudio de la historia de Aragón
_v7
_9192177
852 _aES-MaACL
_jC-2176
999 _c184584
_d184584